| 000 | 00354 a2200109 4500 | ||
|---|---|---|---|
| 001 | ART_16016 | ||
| 005 | 20260410161851.0 | ||
| 008 | 260409a | ||
| 245 | 1 | 0 | _aCrítica a la justicia profesional |
| 100 | 1 | _aBinder, Alberto M. | |
| 773 | 0 |
_tDerecho Penal _gParticipación ciudadana en la justicia - Año I, Nº 3 (dic. 2012) _wREV10351 |
|
| 999 |
_c24992 _d24992 |
||